Bienvenue à la Médiathèque de Saint-Andiol
banniere
Accueil Recherche avancée Mon compte
handi1 Rechercher dans le catalogue

Filtre   Mots-clés
  Recherche avancée
 
Lister les dernières nouveautés
 
Lister les livres GROS CARACTERES
 
Lister les périodiques (magazines)

handi1 Control freaks

Book Cover
Auteur principal : Arthur de Pins
Titre : Control freaks
Support : Livres
Langue : Francais
Publié : DL 2013 Dupuis Paris
Series : Zombillénium
Genre : Bande Dessinée (enfants)
Collection : Zombillénium
Sujets :
Étiquettes :
Pas de tags
LEADER 00857nam0a2200217 450
001 16855593
010 |a 978-2-8001-5755-9  |b rel.  |d 14,5 € 
100 |a 20211214d2026 u u0frey01 ba 
101 0 |a fre 
102 |a BE 
200 0 |a Control freaks  |f Arthur de Pins 
207 1 |a   
210 |a Paris  |b 57, bd de La Villette  |c Dupuis  |d DL 2013 
215 |a 1 vol. (non paginé [46] p.)  |c ill. en coul., couv. ill. en coul.  |d 32 cm 
225 1 |a Zombillénium  |v 3 
330 |a Envoyé par Behemoth dans le parc Zombillénium pour y opérer une restructuration, le vampire Bohémond Jaggar de Rochameau inquiète les employés... 
461 0 |t Zombillénium  |v 3 
700 0 |a Pins  |b Arthur de  |f 1977-....  |4 70 
900 |a Bande Dessinée (enfants) 
901 |a Jeunesse 
995 |a Médiathèque  |c Médiathèque  |f 089018468  |h 089018468  |k BD ZOM 3  |o p  |q j  |r az  |e Médiathèque